000 00546nam a2200205Ia 4500
001 23552
003 GE_BSU
008 181216s||||||||xx |||||||||||||| ||und||
040 _cGE_BSU
245 _aЮрист. №9. 2018
245 _bФедеральный ежемесячный журнал
245 _cГл. ред.В.В.Гриб
260 _aмосква
260 _c2018г
300 _a80ст;30см;
653 _aПериодика
653 _aЮрист. №9. 2018
653 _aპერიოდიკა
942 _cCR
999 _c56439
_d56439